| 000 | 01262cam a22003377a 4500 | ||
|---|---|---|---|
| 003 | CHAP | ||
| 005 | 20220329142350.0 | ||
| 008 | 001002d1999 mx ba r 00110 spa d | ||
| 010 | _a82441 | ||
| 011 | _a83413 | ||
| 035 | _a93926 | ||
| 040 | _cCHAP | ||
| 090 | _aTesis | ||
| 100 | 0 | 0 |
_aMoreno Martínez, Arturo. _978651 |
| 245 | 1 | 0 |
_aEfecto del grado de defoliación de la vareta de mango (Mangifera indica L.) var. manila, sobre el porcentaje de prendimiento, mediante el injerto "enchapado lateral" _c/por Arturo Moreno Martínez |
| 260 |
_aCocula, Guerrero : _bEl autor, _c1999. |
||
| 300 |
_a34 h. : _bmapas, ilus., cuads. |
||
| 502 | _aTesis (Ing. Agr. Fitotecnista) --Colegio Superior Agropecuario del Estado de Guerrero. Centro de Estudios Profesionales. | ||
| 590 |
_aALEPH _b10 _c20130110 _lUCH01 _h1437 |
||
| 590 |
_aBATCH-UPD _b10 _c20130110 _lUCH01 _h0610 |
||
| 590 |
_aBATCH-UPD _b10 _c20130410 _lUCH01 _h0252 |
||
| 590 |
_aBATCH-UPD _b10 _c20130914 _lUCH01 _h1138 |
||
| 590 |
_aCONVERSION _b10 _c20130109 _lUCH01 _h1346 |
||
| 650 | 1 | 4 |
_aDefoliación. _931505 |
| 650 | 1 | 4 |
_aMango _xFloración. _970419 |
| 650 | 1 | 4 |
_aMango _xInjertos. _970429 |
| 901 | _aBK | ||
| 905 | _aEdna Luz | ||
| 942 | _cTESIS | ||
| 949 |
_bBC _cTES _d939261 _eTS1 _h37054 _i93926 _sb |
||
| 999 |
_c82441 _d82441 |
||